Schuld: Zusammenhänge und Hintergründe: eine Vorlesungsreihe der Georgia Augusta, Göttingen

Guardado en:  
Detalles Bibliográficos
Autor Corporativo: Georg-August-Universität Göttingen (Otro)
Otros Autores: Thomas, Konrad 1930-2010 (Editor)
Tipo de documento: Print Libro
Lenguaje:Alemán
Publicado: Frankfurt am Main Bern New York Paris Lang 1990
En: Europäische Hochschulschriften / 20 (305)
Año: 1990
Verificar disponibilidad: HBZ Gateway
Servicio de pedido Subito: Pedir ahora.
Palabras clave:

MARC

LEADER 00000cam a2200000 c 4500
001 026259354
003 DE-627
005 20260206192423.0
007 tu
008 920128s1990 gw ||||| 00| ||ger c
015 |a 90,N05,0132  |2 dnb 
015 |a 91,A03,0007  |2 dnb 
016 7 |a 891408851  |2 DE-101 
020 |a 3631424752  |9 3-631-42475-2 
035 |a (DE-627)026259354 
035 |a (DE-603)011814780 
035 |a (DE-576)030588561 
035 |a (DE-599)GBV026259354 
035 |a (OCoLC)24428832 
040 |a DE-627  |b ger  |c DE-627  |e rakwb 
041 |a ger 
044 |c XA-DE  |c XA-CH  |c XD-US  |c XA-FR 
050 0 |a BJ1471.5 
082 0 |a 291.2/2 
082 0 |a 291.22  |q LoC  |2 DDC20oclc 
084 |a 01  |2 sdnb 
084 |a 14  |a 11  |2 sdnb 
084 |a 1  |2 ssgn 
084 |a CC 7200  |2 rvk  |0 (DE-625)rvk/17672: 
084 |a PH 3130  |2 rvk  |0 (DE-625)rvk/136030: 
084 |2 rvk  |0 (DE-625)rvk17672 
084 |a PH 3120  |2 rvk  |0 (DE-625)rvk/136029: 
084 |a PI 3360  |2 rvk  |0 (DE-625)rvk/136605: 
084 |a 11.99  |2 bkl 
245 0 0 |a Schuld: Zusammenhänge und Hintergründe  |b eine Vorlesungsreihe der Georgia Augusta, Göttingen  |c Konrad Thomas (Hrsg.) 
264 1 |a Frankfurt am Main  |a Bern  |a New York  |a Paris  |b Lang  |c 1990 
300 |a 258 S.  |b graph. Darst.  |c 21 cm 
336 |a Text  |b txt  |2 rdacontent 
337 |a ohne Hilfsmittel zu benutzen  |b n  |2 rdamedia 
338 |a Band  |b nc  |2 rdacarrier 
490 1 |a Europäische Hochschulschriften  |a Reihe 20, Philosophie = Philosophie  |v 305 
500 |a Literaturangaben 
650 0 7 |0 (DE-588)4053460-1  |0 (DE-627)104180919  |0 (DE-576)209103930  |a Schuld  |2 gnd 
653 0 |a Guilt 
653 0 |a Guilt (Law) 
653 0 |a Guilt in literature 
653 0 |a Guilt  |a Religious aspects 
655 7 |a Aufsatzsammlung  |0 (DE-588)4143413-4  |0 (DE-627)105605727  |0 (DE-576)209726091  |2 gnd-content 
689 0 0 |d s  |0 (DE-588)4053460-1  |0 (DE-627)104180919  |0 (DE-576)209103930  |a Schuld  |2 gnd 
689 0 |5 DE-101 
689 1 0 |d s  |0 (DE-588)4053460-1  |0 (DE-627)104180919  |0 (DE-576)209103930  |a Schuld  |2 gnd 
689 1 |5 (DE-627) 
700 1 |a Thomas, Konrad  |d 1930-2010  |e Hrsg.  |0 (DE-588)1013643631  |0 (DE-627)705066746  |0 (DE-576)347482082  |4 edt 
710 2 |a Georg-August-Universität Göttingen  |0 (DE-588)2024315-7  |0 (DE-627)102160279  |0 (DE-576)191769223  |4 oth 
830 0 |a Europäische Hochschulschriften / 20  |v 305  |9 305  |w (DE-627)130134406  |w (DE-576)015671666  |w (DE-600)510562-6  |x 0721-3417  |7 am 
935 |a mteo  |a GIRA 
935 |i Blocktest 
936 r v |a CC 7200  |b Abhandlungen  |k Philosophie  |k Systematische Philosophie  |k Ethik  |k Abhandlungen  |0 (DE-627)1270639072  |0 (DE-625)rvk/17672:  |0 (DE-576)200639072 
936 r v |a PH 3130  |b Schuldfähigkeit, Unrechtsbewusstsein, Entschuldigungsgründe  |k Rechtswissenschaft  |k Strafrecht, Strafverfahrensrecht, Kriminologie  |k Strafrecht  |k Schuld  |k Schuldfähigkeit, Unrechtsbewusstsein, Entschuldigungsgründe  |0 (DE-627)1271677091  |0 (DE-625)rvk/136030:  |0 (DE-576)201677091 
936 r v |0 (DE-625)rvk17672 
936 r v |a PH 3120  |b Allgemeines  |k Rechtswissenschaft  |k Strafrecht, Strafverfahrensrecht, Kriminologie  |k Strafrecht  |k Schuld  |k Allgemeines  |0 (DE-627)127194989X  |0 (DE-625)rvk/136029:  |0 (DE-576)20194989X 
936 r v |a PI 3360  |b Delikt, Schuld, Fahrlässigkeit, Verantwortung  |k Rechtswissenschaft  |k Allgemeine Rechtslehre und Rechtstheorie, Rechts- und Staatsphilosophie, Rechtssoziologie  |k Kategorien, Institutionen, Formen, Systematik, Grundbegriffe des Rechts  |k Delikt, Schuld, Fahrlässigkeit, Verantwortung  |0 (DE-627)1271266210  |0 (DE-625)rvk/136605:  |0 (DE-576)201266210 
936 b k |a 11.99  |j Theologie  |j Religionswissenschaft: Sonstiges  |0 (DE-627)106403974 
936 s n |a c100  |2 mzub 
936 s n |a p100  |2 mzub 
936 s n |a b100  |2 mzub 
936 s n |a m200  |2 mzub 
936 s n |a c200  |2 mzub 
951 |a BO 
ELC |b 1 
LOK |0 000 xxxxxcx a22 zn 4500 
LOK |0 001 3147238539 
LOK |0 003 DE-627 
LOK |0 004 026259354 
LOK |0 005 20151116134933 
LOK |0 008 150728||||||||||||||||ger||||||| 
LOK |0 040   |a DE-21-110  |c DE-627  |d DE-21-110 
LOK |0 689   |a s  |a Schuldbegriff 
LOK |0 689   |a s  |a Schuldfähigkeit 
LOK |0 852   |z Kein Bestand am IfK; Nachweis für KrimDok 
LOK |0 852   |a DE-21-110 
LOK |0 852 1  |9 00 
LOK |0 935   |a k110 
LOK |0 939   |a 28-07-15  |b l01 
ORI |a SA-MARC-krimdoka001.raw